| 000 | 00351nam a2200121Ia 4500 | ||
|---|---|---|---|
| 008 | 220216s9999 xx 000 0 und d | ||
| 100 | _aBurbank Frederick R | ||
| 245 | 0 | _aContinuous processing high quality compounds on a co-rotating twin screw extruder | |
| 260 |
_bRubber India _c1995 |
||
| 300 | _a23-25 | ||
| 700 | _aPoloski Walter A | ||
| 942 | _cJS | ||
| 999 |
_c56256 _d56256 |
||